Finland's EuroBasket -25 team - Statistics

General Stats
  • This quiz has been taken 32 times
  • The average score is 8 of 12
Answer Stats
Picture Answer % Correct
Lauri Markkanen
100%
Miikka Muurinen
100%
Miro Little
89%
Sasu Salin
81%
Mikael Jantunen
74%
Elias Valtonen
67%
Edon Maxhuni
59%
Olivier Nkamhoua
52%
Jacob Grandison
41%
Andre Gustavson
37%
Alexander Madsen
33%
Ilari Seppälä
33%
No matching quizzes found
Score Distribution
Percent of People with Each Score
Percentile by Number Answered
Your Score History
You have not taken this quiz